000 00781nam a2200169Ia 4500
008 231221s9999 xx 000 0 und d
022 _a0974-1054
041 _aEnglish
082 _aJN28941
245 0 _aLinux For You (2004 -
260 _cSep,13
_bEFYGroup
300 _cJN28941
510 _aGNOME Live 64 bit Omagela 3.0 A Linux based operating system, distributed as free and open source software. Mageia was created in 2010 as a fork of Mandriva Linux A modern, elegant and comfortable operating system which is powerful and easy to use. Cinnamon 32-bit Manjaro Manjaro is a user-friendly Linux distribution based on the independently developed Arch operating system.
650 _aComputer Science
650 _aLinux,(2004,-,Computer Science
942 _cCD
999 _c216566
_d216566